000 01024cam a22003011 4500
001 3003
003 BD-RjUL
005 20211208233646.0
008 850815s1959 ii l 001 0 eng
035 _a(BD-RjUL)3031
035 _a(OCoLC)12389516
040 _aDLC
_cCLU
_dDLC
_beng
041 _aeng
082 _216
_a331.825
_bWOR 1959
110 1 _aIndia (Republic)
_kLaws, statutes, etc.
_98832
245 1 0 _aWorkmen's compensation act and other social insurance legislations (union and state)/
_cJnanendra Nath Baksi and Jitendra Kumar Mitra.
250 _a2d ed.
260 _aCalcutta :
_bS.C. Sarkar,
_c1959
300 _axiii, 418 p.
_c23 cm.
526 _bSociology
650 0 _aWorkers' compensation
_xLaw and legislation
_zIndia.
_99566
650 0 _aMaternal and infant welfare
_xLaw and legislation
_zIndia
_xStates.
_99567
700 1 _aBaksi, Jnanendra Nath,
_eed.
_99317
700 1 _aMitra, Jitendra Kumar,
_eed.
_99319
942 _2ddc
_cBK
999 _c3003
_d3003